00617 a2200193 4500003000400000005001700004008004100021020001800062040000900080082001800089100002300107245003400130250001200164260002600176300001000202942004200212952015200254999001700406OSt20240208120433.0240208b |||||||| |||| 00| 0 eng d a9780063215009 coclc a155.24bRAW/H aRawat, Prem910426 aHear yourself /c Prem Rawat a1st ed. aINDIA:bThomas press, a260P. 2ddccBKh155.24iRAW/Hk155.24mRAW/H 00102ddc40708COLLECTIONSaMESbMEScENGd2024-02-08l8m9o155.24 RAW/Hp45244r2026-03-13 09:59:12s2026-03-04v399.00w2024-02-08yBKzGR16R2 c44395d44395